000
002240000a22000970004500
100
1
_a
Miller, Randy
245
1
0
_a
Pulling together in Porta farm
300
_a
Núm 51 (1996), Páginas 10-14
773
0
_t
Together
942
_c
ANA
999
_c
57183
_d
57183